The menace of Japan

Wedi'i Gadw mewn:
Manylion Llyfryddiaeth
Prif Awdur: McCormick, Frederick
Fformat: Llyfr
Iaith:Undetermined
Cyhoeddwyd: Boston Little, Brown, and Company 1917
Pynciau:
Tagiau: Ychwanegu Tag
Dim Tagiau, Byddwch y cyntaf i dagio'r cofnod hwn!
Thư viện lưu trữ: Trung tâm Học liệu Trường Đại học Cần Thơ
LEADER 00602nam a2200205Ia 4500
001 CTU_112184
008 210402s9999 xx 000 0 und d
082 |a 327.52073 
082 |b M164 
100 |a McCormick, Frederick 
245 4 |a The menace of Japan 
245 0 |c Frederick McCormick 
260 |a Boston 
260 |b Little, Brown, and Company 
260 |c 1917 
650 |a Eastern question (far east),Japan,United states 
650 |x Foreign relations,Foreign relations 
650 |z United states,Japan 
904 |i Năm 
980 |a Trung tâm Học liệu Trường Đại học Cần Thơ